| 000 | 00811nam a2200253 a 4500 | ||
|---|---|---|---|
| 001 | BRCA_6001 | ||
| 005 | 20190320205308.0 | ||
| 008 | 310311s1874----fr-a######---#000-0#fre-# | ||
| 041 | _afre | ||
| 044 | _afr | ||
| 050 | 4 |
_aND35 _b.S57 1874 |
|
| 100 | 1 |
_aSiret, Adolphe _d1818-1888 _915157 |
|
| 245 | 1 | 0 |
_aDictionnaire historique des peintres _bde toutes les écoles depuis l´origine de la peinture jusqu´a nos jours _cpar Adolphe Siret. |
| 260 |
_aParís _bA. Lacroix _c1874 |
||
| 300 |
_a1068 p. _bil. _c24 cm. |
||
| 500 | _aEstado físico: dos hojas desprendidas | ||
| 500 | _aEncuadernación por Celso Jara | ||
| 500 | _aG110 | ||
| 650 | 1 | 4 |
_aPintores _vDiccionarios _915158 |
| 650 | 1 | 4 |
_aPintores _vBiografías _915159 |
| 650 | 1 | 4 |
_aEnciclopedias y diccionarios _99441 |
| 902 | _aGFM | ||
| 942 |
_2lcc _cB |
||
| 999 |
_c5690 _d5690 |
||